000 00294nam a22001337a 4500
008 170424b xxu||||| |||| 00| 0 eng d
020 _a9780072538632
041 _aeng
080 _26TH
_a54
100 _a12
101 _aSHM
245 _aPHYSICAL CHEMISTRY
_cLEVINE, I.N
942 _2udc
_cBK
999 _c11691
_d11691